<?xml version="1.0" encoding="UTF-8"?>
<record
    xmlns:xsi="http://www.w3.org/2001/XMLSchema-instance"
    xsi:schemaLocation="http://www.loc.gov/MARC21/slim http://www.loc.gov/standards/marcxml/schema/MARC21slim.xsd"
    xmlns="http://www.loc.gov/MARC21/slim">

  <leader>00586nam a22001577a 4500</leader>
  <controlfield tag="005">20120611124957.0</controlfield>
  <datafield tag="020" ind1=" " ind2=" ">
    <subfield code="a">8173712352</subfield>
    <subfield code="c">Rs. 335.00(hbk)</subfield>
  </datafield>
  <datafield tag="035" ind1=" " ind2=" ">
    <subfield code="a">B-28136</subfield>
  </datafield>
  <datafield tag="037" ind1=" " ind2=" ">
    <subfield code="a">DPL</subfield>
    <subfield code="b">ENG</subfield>
  </datafield>
  <datafield tag="100" ind1=" " ind2=" ">
    <subfield code="a">Christianson, Gale E.</subfield>
    <subfield code="9">48848</subfield>
  </datafield>
  <datafield tag="245" ind1=" " ind2=" ">
    <subfield code="a">Greenhouse :</subfield>
    <subfield code="b">The 200-year story of global warming /</subfield>
    <subfield code="c">by Gale E. Christianson</subfield>
  </datafield>
  <datafield tag="260" ind1=" " ind2=" ">
    <subfield code="a">Hyderabad</subfield>
    <subfield code="b">University Press</subfield>
    <subfield code="c">1999</subfield>
  </datafield>
  <datafield tag="300" ind1=" " ind2=" ">
    <subfield code="a">ix, 305p.</subfield>
    <subfield code="c">20 cms.</subfield>
  </datafield>
  <datafield tag="942" ind1=" " ind2=" ">
    <subfield code="2">ddc</subfield>
    <subfield code="c">EN</subfield>
    <subfield code="h">363.7</subfield>
    <subfield code="m">CHR</subfield>
  </datafield>
  <datafield tag="999" ind1=" " ind2=" ">
    <subfield code="c">67804</subfield>
    <subfield code="d">67804</subfield>
  </datafield>
  <datafield tag="952" ind1=" " ind2=" ">
    <subfield code="0">0</subfield>
    <subfield code="1">0</subfield>
    <subfield code="4">0</subfield>
    <subfield code="7">0</subfield>
    <subfield code="8">NFIC</subfield>
    <subfield code="a">ZLS</subfield>
    <subfield code="b">ZLS</subfield>
    <subfield code="d">2012-06-11</subfield>
    <subfield code="g">335.00</subfield>
    <subfield code="l">0</subfield>
    <subfield code="o">363.7 CHR</subfield>
    <subfield code="p">B-28136</subfield>
    <subfield code="r">2012-06-11 00:00:00</subfield>
    <subfield code="v">335.00</subfield>
    <subfield code="w">2012-06-11</subfield>
    <subfield code="y">EN</subfield>
  </datafield>
</record>
